| 000 | 00658nam a2200241Ia 4500 | ||
|---|---|---|---|
| 003 | OSt | ||
| 005 | 20221005042030.0 | ||
| 006 | a|||||r|||| 00| 0 | ||
| 007 | ta | ||
| 008 | 221004b |||||||| |||| 00| 0 eng d | ||
| 024 | _a51461 | ||
| 037 | _cTextual | ||
| 040 |
_aCRL _cCRL _beng |
||
| 041 |
_2eng _aeng |
||
| 082 | _aQ21:2245(I8841), N1 | ||
| 100 |
_aOjha Purna Chandra _9476172 |
||
| 245 | 0 | _aAsvatha in everyday life as related in Puranas | |
| 260 |
_aDelhi _bSundeep _c1991 |
||
| 300 |
_a118p _ccm. |
||
| 650 | _aRELIGION | ||
| 942 |
_hQ21:2245(I8841), N1 _cTEXL _2cc |
||
| 999 |
_c949553 _d949553 |
||